000 00457nam a22001577a 4500
003 NUST - PNEC
005 20170116181005.0
008 150912b xxu||||| |||| 00| 0 eng d
040 _cLIBRARY
082 _a005.7 SRA
100 _99743
_aScience Research Associates
245 _aComputing systems fundamentals: overview.
_cScience Research Associates
260 _cc 1967
650 _916337
_aComputer Systems
_xMIS . Computer Science
942 _2ddc
_cBK
999 _c66844
_d66844